00318nam a2200121 a 4500008004100000020001500041050001500056100001900071245003500090260004200125300002000167350000900187120416s1977 ||||||||||||||||| || u a0903384442 aTA 684 Kno aKnowles, Peter10aDesign of structural steelwork aLondonbSurrey University Pressc1977 ax, 198p. : ill. a0.00